Quizzes
Events
Quiz Creation
Community
Videos
Private Events
Remove Ads
Sign In
Join for FREE
Feedback
Dark Mode
Quiz Categories
Sports
Geography
Music
Movies
Television
Just For Fun
Miscellaneous
History
Literature
Language
Science
Gaming
Entertainment
Religion
Holiday
For Kids
Quiz Lab
Recent
Popular Today
Quiz Kudos Today
Editor Picks
Curator Picks
Quizzes by...
Day
Popularity
Type
Ratings
Length
Year
Community
Subscriptions
Recent Discussions
Orange Saloon
Badges
Playlists
Quests
Create
Leaderboards
Showdown
Live 5
Trivia Bingo
Activity
Puzzle Library
Sporcle Events
Private Events
Virtual Trivia
Globe League
Become a Host
Pub Owners
SporcleCon
Opinionation
Our Games
Videos
Blog
Mobile Apps
Partnerships
Remove Ads and Go Orange
Feedback
Sports
Athletes
MLB
NBA
NHL
NFL
Soccer
Sports Teams
WWE
NCAA
Football
Premier League
Basketball
Baseball
Hockey
Golf
Tennis
Cricket
Rugby
Auto Racing
Olympics
World Cup
Sports
Athletes
MLB
NBA
NHL
NFL
Soccer
Sports Teams
WWE
NCAA
Football
Premier League
Basketball
Baseball
Hockey
Golf
Tennis
Cricket
Rugby
Auto Racing
Olympics
World Cup
Random Quiz
Search Sporcle
×
Quiz Lab
Quiz Lab
Sports
Player
Type in answers that appear in a list
Type in answers that appear in a list
Classic
Best Score? Go Orange.
Manchester United since 1990 Stats
Can you name the Manchester United since 1990
By
ocmw
20m
162 Questions
377 Plays
377 Plays
377 Plays
Comments
Comments
Give Quiz Kudos
Give Quiz Kudos
-
- Ratings
hide this ad
More Info
Replay
Link that replays current quiz
Next Quiz
Link to next quiz in quiz playlist
You Got
0%
They Got
Avg Score
58%
Avg Friend Score
Upgrade to see
Score Distribution
Jump to the score distribution portion of the page
Score
0/162
Timer
20:00
0
Plays Today
year
player
% Correct
1990/
91
Ryan Giggs
92.8%
1994/
95
David Beckham
92.6%
1993/
94
Gary Neville
91.2%
1994/
95
Phil Neville
91.2%
1994/
95
Paul Scholes
91%
1994/
95
Andrew Cole
90.5%
2003/
04
Cristiano Ronaldo
90.5%
1991/
92
Peter Schmeichel
89.9%
1993/
94
Roy Keane
89.4%
1998/
99
Dwight Yorke
89.4%
2004/
05
Wayne Rooney
89.4%
2011/
12
Will Keane
89.1%
1992/
93
Nicky Butt
88.9%
1997/
98
Teddy Sheringham
88.6%
1992/
93
Eric Cantona
88.3%
1997/
98
Wes Brown
88.3%
2002/
03
Rio Ferdinand
88.1%
1996/
97
Ole Gunnar Solskjaer
87.8%
2005/
06
Ji- Sung Park
86.5%
2007/
08
Nani
85.9%
2005/
06
Nemanja Vidic
85.4%
1990/
91
Denis Irwin
85.1%
1989/
90
Mark Hughes
84.6%
2011/
12
Phil Jones
84.6%
2000/
01
Fabien Barthez
84.1%
2001/
02
John O'Shea
83.8%
2001/
02
Ruud van Nistelrooy
83.8%
2005/
06
Patrice Evra
83.8%
1989/
90
Viv Anderson
83.3%
1998/
99
Jaap Stam
83%
2006/
07
Michael Carrick
83%
2007/
08
Anderson
83%
2005/
06
Edwin van der Sar
82.8%
2011/
12
David de Gea
82.8%
2012/
13
Robin van Persie
82.8%
1989/
90
Gary Pallister
82.2%
1989/
90
Steve Bruce
82%
1989/
90
Paul Ince
82%
2003/
04
Darren Fletcher
81.4%
2008/
09
Dimitar Berbatov
80.4%
2008/
09
Rafael da Silva
79.6%
2001/
02
Juan Sebastian Veron
79.3%
1999/
00
Mikael Silvestre
79%
1996/
97
Ronny Johnsen
78.8%
2004/
05
Alan Smith
78.5%
2010/
11
Chris Smalling
78%
2009/
10
Fabio da Silva
77.2%
1990/
91
Andrei Kanchelskis
76.9%
2007/
08
Carlos Tevez
76.9%
2003/
04
Louis Saha
76.4%
2009/
10
Luis Antonio Valencia
76.1%
1989/
90
Lee Sharpe
75.9%
1997/
98
Henning Berg
75.6%
2011/
12
Ashley Young
75.3%
year
player
% Correct
1991/
92
Paul Parker
75.1%
2008/
09
Jonny Evans
75.1%
2008/
09
Danny Welbeck
75.1%
1994/
95
David May
74.8%
1989/
90
Mark Bosnich
74.5%
2003/
04
Tim Howard
74.3%
1998/
99
Jesper Blomqvist
74%
2009/
10
Michael Owen
73.5%
1989/
90
Bryan Robson
72.9%
1996/
97
Raimond van der Gouw
72.9%
1989/
90
Brian McClair
72.1%
2001/
02
Laurent Blanc
72.1%
2010/
11
Javier Hernandez
71.9%
2004/
05
Gabriel Heinze
71.1%
2013/
14
Juan Mata
71.1%
2013/
14
Marouane Fellaini
69.2%
2001/
02
Diego Forlan
69%
2003/
04
Eric Djemba- Djemba
67.4%
2007/
08
Owen Hargreaves
66.8%
2011/
12
Tom Cleverley
66.8%
2001/
02
Roy Carroll
65.8%
2003/
04
Kleberson
65.3%
2011/
12
Anders Lindegaard
65.3%
1999/
00
Quinton Fortune
65%
1996/
97
Jordi Cruyff
64.2%
2007/
08
Ben Foster
63.4%
2012/
13
Shinji Kagawa
62.3%
1996/
97
Karel Poborsky
60.7%
1989/
90
Colin Gibson
60.2%
2008/
09
Darron Gibson
60.2%
1999/
00
Massimo Taibi
59.9%
2008/
09
Federico Macheda
59.9%
2004/
05
Kieran Richardson
56.5%
2006/
07
Tomasz Kuszczak
55.4%
2003/
04
David Bellion
54.9%
2010/
11
Bebe
53.3%
1999/
00
Mark Wilson
53.1%
1989/
90
Jim Leighton
52.5%
1992/
93
Dion Dublin
52.5%
1989/
90
Mike Phelan
52.3%
1989/
90
Neil Webb
52.3%
1989/
90
Clayton Blackmore
52%
2005/
06
Gerard Pique
52%
1989/
90
Les Sealey
50.7%
1998/
99
Jonathan Greening
50.7%
2006/
07
Henrik Larsson
50.7%
2012/
13
Alexander Buttner
50.7%
2005/
06
Giuseppe Rossi
50.4%
1990/
91
Darren Ferguson
49.9%
2011/
12
Ben Amos
49.3%
1989/
90
Lee Martin
49.1%
2008/
09
Lee Martin
49.1%
2013/
14
Adnan Januzaj
48.8%
2000/
01
Luke Chadwick
47.7%
year
player
% Correct
2009/
10
Gabriel Obertan
46.9%
1989/
90
Danny Wallace
46.7%
1994/
95
Keith Gillespie
46.7%
1989/
90
Mark Robins
44.8%
1990/
91
Gary Walsh
44.8%
2004/
05
Liam Miller
44.8%
2011/
12
Paul Pogba
43.2%
1997/
98
Ronnie Wallwork
43%
2002/
03
Ricardo
42.7%
2000/
01
Andy Goram
40.6%
2008/
09
Manucho
40.1%
2009/
10
Mame Biram Diouf
39.3%
1997/
98
Erik Nevland
39%
1995/
96
William Prunier
38.5%
1994/
95
Simon Davies
38.2%
2007/
08
Fraizer Campbell
38.2%
2006/
07
Chris Eagles
37.9%
2006/
07
Dong Fangzhou
37.9%
2006/
07
Kieran Lee
37.4%
2004/
05
Jonathan Spector
35.5%
1994/
95
Kevin Pilkington
35%
1997/
98
John Curtis
34.5%
2013/
14
Wilfried Zaha
34.5%
2012/
13
Nick Powell
33.7%
1996/
97
Michael Clegg
31.6%
2005/
06
Phil Bardsley
31.3%
2008/
09
Zoran Tosic
30.8%
1995/
96
John O'Kane
30.2%
2000/
01
Paul Rachubka
29.7%
1989/
90
Russell Beardsmore
29.4%
1995/
96
Terry Cooke
29.4%
1996/
97
Chris Casper
28.6%
2007/
08
Danny Simpson
28.6%
2008/
09
Rodrigo Possebon
28.6%
1997/
98
Danny Higginbotham
28.1%
2000/
01
Bojan Djordjic
27.6%
2008/
09
Ritchie de Laet
27.3%
1993/
94
Ben Thornley
27.1%
1989/
90
Mal Donaghy
24.7%
1999/
00
Nick Culkin
24.7%
1989/
90
Ralph Milne
21.8%
2002/
03
Danny Pugh
19.6%
1997/
98
Phil Mulryne
19.1%
1989/
90
Mike Duxbury
16.4%
2008/
09
Richard Eckersley
15.9%
1993/
94
Colin McKee
14.1%
2011/
12
Zeki Fryers
13.8%
2002/
03
Lee Roche
13%
1989/
90
Deiniol Graham
12.7%
1989/
90
Giuliano Maiorana
10.1%
1989/
90
Derek Brazil
8.2%
1990/
91
Neil Whitworth
6.4%
1990/
91
Paul Wratten
5.8%
2000/
01
Michael Stewart
2.4%
Quiz Playlist
Details
Report
Send in Message
Add To Playlist
More Info:
Name the players who played at least 1 match for Man United in the Premier League since 1990.
Classic:
Type in answers that appear in a list
Last Updated: Feb 16, 2017
Quiz Scoreboard
CHALLENGE
Sign Up to Join the Scoreboard
Show All
Scores
Hide
Comments
May contain spoilers
Recently Published
An Introduction to Baseball
by treessimontrees
Sports
5m
Movies - When Are They Set?
by FPL_Elf
Movies
5m
Popular People in 1961
by mucciniale
History
6m
More to Explore
Quiz From the Vault
Featured Blog Post
Where Did the Easter Bunny Come From?
hide this ad
You Might Also Like...
Tags
1990
Manchester
Manchester United
Player
United
Today's Top Quizzes in Sports
Browse Sports
hide this ad
Today's Top Quizzes in Player
Browse Player
Top Contributed Quizzes in Sports
1
Les meilleurs buteurs des matchs entre le PSG et l’OM
2
2022 World Cup Stars
3
FIFA Club World Cup Champions
4
Les entraîneurs de l'OM et du PSG au 21e siècle
5
Name the Premier League winners with different clubs
6
La finale Lions - Afrique du Sud 2021
7
Les joueurs passés par le LOSC et le RC Lens
8
Criteria MLB: Left Handed Sluggers
9
Players with Multiple 50 Home Run Seasons
10
5-to-1: UK Sports Teams
Explore More
Trending Topics
Crossword
NBA
Harry Potter
Marvel
Anime
Disney
Kpop
Country
Song
NFL
The Office
Pokémon
WWE
Soccer
Puzzle
hide this ad
More By:
ocmw
Quiz
Plays
Rating
Category
Featured
Created
European Cup Quarter Finalist 1956-1985
4,993
4.43
Sports
Jan 15, 2015
PDC World Darts Championship Quarter Finalists
3,594
4.17
Sports
Dec 22, 2014
European Cup/ CL Quarter Finalists 1986-recent
1,075
4.80
Sports
Jan 19, 2015
Fc Barcelona since 1990
963
4.57
Sports
Apr 18, 2014
BDO World Darts Championship quarter finalists
948
5.00
Sports
Dec 23, 2014
Go to Creator's Profile
Score Distribution
Quiz Creator Spotlight
ocmw
Follow
Send a Message
Quizzes Created
-
Created Quiz Play Count
-
More By This Creator
Popular Quizzes Today
1
Find the Countries of Europe - No Outlines Minefield
2
Find the US States - No Outlines Minefield
3
The Countries of the World
4
Popular People in 1961
5
Find the US States
6
US States
7
1-10 Letter E Words III
8
Risky Map Clicking: Biggest States A-Z
More Sports Quizzes
Last 5 NFL 12+ Sacks by Franchise
Quiz Lab
Trending Quizzes
Risky Map Clicking: Least Populous States A-Z
1-10 Letter F Words
1-10 Letter G Words
Not Quite an Element Typing Challenge
One Thing in Common: United Kingdom
Recently Updated
Leaping Animals
pecheneg
Reality TV Shows (A-Z)
bhenderson79
Rickey Henderson's Hall of Fame Teammates
pecheneg
Champions League XIs: Arsenal
pecheneg
Quick Pick: Celebrities in WWE's Hall of Fame
aduchscher
A-Z Keypad Blitz II
pecheneg
Multiple Oscar Actors
pecheneg
Mystery Phrase Blitz: Oscar 'Best Actors'
pecheneg
F. Scott Fitzgerald Novels
LTH
Pick 3 Villains
ddd62291
Trending Topics
Kpop
NBA
Disney
Marvel
Crossword
Harry Potter
Anime
Soccer
Song
WWE
Puzzle
Country
Pokémon
The Office
NFL
Your Account Isn't Verified!
In order to create a playlist on Sporcle, you need to verify the email address you used during registration. Go to your
Sporcle Settings
to finish the process.
Report this User
Report this user for behavior that violates our
Community Guidelines
.
Details:
Send Report
Go to the Sporcle.com Mobile Site →
Comments